MAASAI MARA UNIVERSITY

LIBRARY CATALOGUE

Contact Us: +254 020 2685356/7 or 0774 057787

Box: 861-20500, NAROK, KENYA

Email: info@mmarau.ac.ke

Handbook of informatics for nurses and health care professionals / (Record no. 25730)

MARC details
000 -LEADER
fixed length control field 01229nam a22003377a 4500
003 - CONTROL NUMBER IDENTIFIER
control field OSt
005 - DATE AND TIME OF LATEST TRANSACTION
control field 20170518103845.0
008 - FIXED-LENGTH DATA ELEMENTS--GENERAL INFORMATION
fixed length control field 170322b xxu||||| |||| 00| 0 eng d
010 ## - LIBRARY OF CONGRESS CONTROL NUMBER
LC control number 00052408
020 ## - INTERNATIONAL STANDARD BOOK NUMBER
International Standard Book Number 0130311022 (pbk. : alk. paper)
040 ## - CATALOGING SOURCE
Original cataloging agency MMU
Transcribing agency MMU
Modifying agency MMU
Language of cataloging eng.
042 ## - AUTHENTICATION CODE
Authentication code pcc
050 00 - LIBRARY OF CONGRESS CALL NUMBER
Classification number RT50.5
Item number .H43 2001
060 10 - NATIONAL LIBRARY OF MEDICINE CALL NUMBER
Classification number WY 26.5
Item number H443h 2001
082 00 - DEWEY DECIMAL CLASSIFICATION NUMBER
Classification number 610.73/0285
Edition number 21
100 1# - MAIN ENTRY--PERSONAL NAME
Personal name Hebda, Toni.
245 10 - TITLE STATEMENT
Title Handbook of informatics for nurses and health care professionals /
Statement of responsibility, etc. Toni Hebda, Patricia Czar, Cynthia Mascara.
250 ## - EDITION STATEMENT
Edition statement 2nd ed.
260 ## - PUBLICATION, DISTRIBUTION, ETC. (IMPRINT)
Place of publication, distribution, etc. Upper Saddle River, NJ :
Name of publisher, distributor, etc. Prentice Hall,
Date of publication, distribution, etc. c2001.
300 ## - PHYSICAL DESCRIPTION
Extent xxiv, 387 p. :
Other physical details ill. ;
Dimensions 23 cm.
504 ## - BIBLIOGRAPHY, ETC. NOTE
Bibliography, etc Includes bibliographical references and index.
650 #0 - SUBJECT ADDED ENTRY--TOPICAL TERM
Topical term or geographic name as entry element Nursing informatics
Form subdivision Handbooks, manuals, etc.
650 #0 - SUBJECT ADDED ENTRY--TOPICAL TERM
Topical term or geographic name as entry element Medical informatics
Form subdivision Handbooks, manuals, etc.
650 12 - SUBJECT ADDED ENTRY--TOPICAL TERM
Topical term or geographic name as entry element Medical Informatics.
650 12 - SUBJECT ADDED ENTRY--TOPICAL TERM
Topical term or geographic name as entry element Nursing.
700 1# - ADDED ENTRY--PERSONAL NAME
Personal name Czar, Patricia.
700 1# - ADDED ENTRY--PERSONAL NAME
Personal name Mascara, Cynthia.
906 ## - LOCAL DATA ELEMENT F, LDF (RLIN)
a 7
b cbc
c orignew
d 1
e ocip
f 20
g y-gencatlg
942 ## - ADDED ENTRY ELEMENTS (KOHA)
Source of classification or shelving scheme Library of Congress Classification
Koha item type L

No items available.

© 2016 Maasai Mara University.